000 00677nam a2200193 i 4500
001 141290
003 ES-MaACL
005 20250829062534.0
007 t|
008 070920m19771978sp ||||1| spa d
080 _a35(075.8)
245 0 0 _aDerecho administrativo /
_c[bajo la dirección de José Luis Villar Palasí].
260 _a[Madrid] :
_bUniversidad Nacional de Educación a Distancia,
_c[1977-1978]
300 _a12 tomos en 2 vols. ;
_c30 cm.
650 7 _aDerecho administrativo-
_zEspaña
_2
_9145992
710 2 _aUniversidad Nacional de Educación a Distancia (España)
_97405
852 _aES-MaACL
_jL-3046-7
_bR.104092
999 _c141290
_d141290